000 01191nkm a2200265 i 4500
001 3816
003 ES-MaACL
005 20250713062827.0
007 khrbo
008 070612s1986 sp --- g |001||gao d
100 0 _aAlfonso,
_d1902-1990
_919858
245 1 2 _aO futuro da Galicia no sono e no pensamiento de Don Ramón Otero Pedrayo [
_hFotografía] /
_cAlfonso (sello).
260 _a[S.l. :
_bs.n.],
_c1986.
300 _a2 fot. :
_bb. y n. ;
_c12 x 18 cm.
500 _aDatos basados en invitación.
511 0 _aInterviene: Julio Francisco Ogando Vázquez.
518 _aActo organizado por el Ateneo de Madrid en colaboración con la Comisión Gestora del Homenaje a D. Ramón Otero Pedrayo, celebrado en el salón de actos el viernes, 30 de mayo de 1986, a las 20:00 h.
600 1 4 _aOgando Vázquez, Julio Francisco.
_986562
610 2 4 _aAteneo de Madrid-
_xActos culturales-
_y1986-
_vFotografías.
_91901
710 2 _aAteneo de Madrid.
_91875
710 2 _aComisión Homenaje a Ramón Otero Pedrayo.
_93045
852 _aES-MaACL
_jFOT 137/1986
856 4 _uhttp://www.ateneodemadrid.net/biblioteca_digital/imagenes/1986/0137-1986.jpg
_zVer imagen
999 _c3816
_d3816